01147nam a2200301Ia 4500001000600000003000500006008004100011010001100052040000900063090001600072100004300088245017100131260004100302300002000343502008200363650003900445650004200484650003500526650004400561700003700605901001600642902000600658910000900664942000600673942000600679999001900685952014100704Z_279CHAP220113s1982 xx 000 0 und d a163254 cCHAP aTesis A 226 aAlvarez Almora, Enrique Gilberto94863 aProducción de carne y calidad del forraje consumido por ovinos en bosque de Pinus hartwegii Lindi /cpor Enrique Gilberto Alvarez Almora y Alvaro Hernández Reyna aChapingo, Méx. :bEl autor,c1982 a44 h., gráfs. aTesis (Ing. Agrónomo Esp. en Zootecnia). -- UACH. Departamento de Zootecnia aCoeficientes de agostadero9137547 aGanado de carnexProducción 945104 aGanado lanarxPastoreo 945209 7aPastos forrajerosxRendimiento2986118 aHernández Reyna, Alvaro954527 aTESIS A 226 aM a1982 c2 c2 c163254d163254 00102local4051708TESISaZbZd2005-11-09eEl autorl0oTesis A48 226 1982p5101000345r2024-05-28 00:00:00tEj.1w2022-01-18yTESIS